[Event "AUTO-ADV-1476"]
[Site "http://www.queenalice.com/game.php?id=654082"]
[Date "2009.9.18"]
[Round "1"]
[White "mzambiasi"]
[Black "Guilherme_Ottoni"]
[Result "0-1"]
[WhiteElo "1653"]
[BlackElo "1952"]

1. e4 e5 2. Bc4 Nf6 3. d3 c6 4. Nf3 d5 5. Bb3 Bd6 6. O-O O-O 7. Nc3 dxe4 8. dxe4
Bg4 9. Bg5 h6 10. Bxf6 Qxf6 11. h3 Bxf3 12. gxf3 Na6 13. Ne2 Nc5 14. Kg2 Nxb3
15. axb3 a6 16. Kh2 Qxf3 17. Rg1 Qxf2+ 18. Rg2 Qh4 19. Nc3 Rad8 20. Rg4 Qf6 0-1

[Event "AUTO-ADV-1476"]
[Site "http://www.queenalice.com/game.php?id=654091"]
[Date "2009.9.18"]
[Round "1"]
[White "garca"]
[Black "mzambiasi"]
[Result "1-0"]
[WhiteElo "1761"]
[BlackElo "1585"]

1. e4 Nf6 2. d3 e5 3. Nf3 Bc5 4. h3 d5 5. exd5 Qxd5 6. Be2 O-O 7. Nc3 Qd6 8. O-O
Re8 9. Re1 Nd5 10. Nxd5 Qxd5 11. Nh2 e4 12. Bf3 exf3 13. Rxe8+ Bf8 14. Qxf3 Qd7
15. Rxc8 Qxc8 16. Be3 Nd7 17. Re1 c6 18. Qg4 Qe8 19. Kf1 Nf6 20. Qg3 Bb4 21. Re2
Nh5 22. Qg4 Qe5 23. Nf3 Qa5 24. a3 Bf8 25. Bd2 Qc5 26. Re5 Nf6 27. Qh4 Qxc2 28.
Bg5 Bc5 29. Bxf6 Bxf2 30. Qxf2 Qxd3+ 31. Qe2 Rd8 32. Qxd3 Rxd3 33. Re8# 1-0

[Event "AUTO-ADV-1476"]
[Site "http://www.queenalice.com/game.php?id=654092"]
[Date "2009.9.18"]
[Round "1"]
[White "mzambiasi"]
[Black "garca"]
[Result "0-1"]
[WhiteElo "1597"]
[BlackElo "1795"]

1. e3 e5 2. Bc4 Nf6 3. d4 exd4 4. exd4 Be7 5. Ne2 h6 6. O-O O-O 7. Nbc3 d6 8.
Nf4 Nc6 9. Re1 Re8 10. Ncd5 Nxd5 11. Nxd5 Be6 12. Ne3 Bxc4 13. Nxc4 Bf6 14.
Rxe8+ Qxe8 15. c3 Qe7 16. g3 Re8 17. Kg2 b5 18. Na3 Qe4+ 19. f3 Qd5 20. Nc2 Nd8
21. Nb4 Qc4 22. a4 Bg5 23. f4 Bf6 24. axb5 Qxb5 25. Rxa7 Nc6 26. Rxc7 Nxb4 27.
Qb3 Qe2+ 28. Kh3 h5 29. cxb4 Qf1# 0-1

[Event "Challenge"]
[Site "http://www.queenalice.com/game.php?id=681468"]
[Date "2009.11.11"]
[Round "-"]
[White "mzambiasi"]
[Black "josealexandreschultz"]
[Result "0-1"]
[WhiteElo "1564"]
[BlackElo "1613"]

1. d4 d5 2. Qd3 c5 3. Qb5+ Nc6 4. Qxc5 e6 5. Qb5 a6 6. Qd3 Nf6 7. Nf3 Be7 8. g3
O-O 9. Ng5 g6 10. h4 Nb4 11. Qb3 Qa5 12. c3 Nc6 13. Bd2 Qb5 14. Qc2 Na5 15. e4
Qc6 16. e5 Nh5 17. Nh3 b5 18. g4 Ng7 0-1

[Event "Challenge"]
[Site "http://www.queenalice.com/game.php?id=683034"]
[Date "2009.11.14"]
[Round "-"]
[White "thedead"]
[Black "mzambiasi"]
[Result "1-0"]
[WhiteElo "1677"]
[BlackElo "1576"]

1. e4 e5 2. Nf3 Qf6 3. d3 h6 4. Nc3 g5 5. g4 h5 6. Bxg5 Qe6 7. gxh5 f6 8. Nd5
Bd6 9. Be3 Rxh5 10. Be2 c6 11. Nc3 Qh3 12. Qd2 Bb4 13. O-O-O Qe6 14. d4 Bxc3 15.
Qxc3 exd4 16. Nxd4 Qxa2 17. Bxh5+ Kd8 18. Ne6+ 1-0

[Event "AUTO-INT-1924"]
[Site "http://www.queenalice.com/game.php?id=886337"]
[Date "2011.1.15"]
[Round "1"]
[White "mzambiasi"]
[Black "FreitasPC"]
[Result "0-1"]
[WhiteElo "1545"]
[BlackElo "1726"]

1. e4 c5 2. Nh3 e5 3. Be2 Be7 4. O-O Nf6 5. d3 O-O 6. Bd2 d6 7. Ng5 h6 8. Nh3
Bxh3 9. gxh3 Nc6 10. Kh1 Nd7 11. Rg1 Kh7 12. Bh5 Nf6 13. Bf3 Nd4 14. Bg4 Rg8 15.
c3 Ne6 0-1

[Event "AUTO-INT-1924"]
[Site "http://www.queenalice.com/game.php?id=886338"]
[Date "2011.1.15"]
[Round "1"]
[White "FreitasPC"]
[Black "mzambiasi"]
[Result "1-0"]
[WhiteElo "1717"]
[BlackElo "1554"]

1. d4 g6 2. c4 Bg7 3. Nc3 Nf6 4. Nf3 O-O 5. e3 d6 6. Bd3 Ng4 7. O-O f5 8. h3 Nf6
9. a3 b6 10. b3 a5 11. Bb2 Bd7 12. Re1 c5 13. Rb1 Bc6 14. d5 Bd7 15. e4 1-0

[Event "AUTO-OPEN-2230"]
[Site "http://www.queenalice.com/game.php?id=886504"]
[Date "2011.1.15"]
[Round "1"]
[White "Liammason"]
[Black "mzambiasi"]
[Result "1-0"]
[WhiteElo "1705"]
[BlackElo "1523"]

1. d4 e6 2. e4 Qh4 3. Nc3 Nf6 4. Qf3 Nc6 5. Be3 Nb4 6. Bd3 g5 7. g3 Qh6 8. e5
Nfd5 9. Nxd5 exd5 10. a3 Nc6 11. h4 g4 12. Qxg4 d6 13. Qf3 Qg7 14. Qxd5 Be6 15.
Qg2 Bd5 16. Qxd5 1-0

[Event "AUTO-OPEN-2230"]
[Site "http://www.queenalice.com/game.php?id=886505"]
[Date "2011.1.15"]
[Round "1"]
[White "mzambiasi"]
[Black "Liammason"]
[Result "0-1"]
[WhiteElo "1532"]
[BlackElo "1696"]

1. e4 e6 2. Qe2 c6 3. b3 d5 4. e5 d4 5. Bb2 Bc5 6. Nf3 h6 7. g3 Ne7 8. c3 dxc3
9. Nxc3 O-O 10. Na4 Bb6 11. g4 Nd5 12. Bg2 Nf4 13. Qf1 Nd3+ 14. Kd1 Nxf2+ 15.
Ke1 Nxh1 0-1

[Event "AUTO-OPEN-2230"]
[Site "http://www.queenalice.com/game.php?id=886526"]
[Date "2011.1.15"]
[Round "1"]
[White "Alffamed"]
[Black "mzambiasi"]
[Result "1-0"]
[WhiteElo "1713"]
[BlackElo "1506"]

1. b3 e5 2. Bb2 Bd6 3. e3 Nh6 4. h3 O-O 5. f4 f6 6. Bc4+ Nf7 7. Nf3 exf4 8.
Bxf7+ Rxf7 9. O-O c6 10. e4 b6 11. d3 c5 12. Nbd2 Nc6 13. a3 Be5 14. Nxe5 fxe5
15. Nf3 Qf6 16. c4 1-0

[Event "AUTO-OPEN-2230"]
[Site "http://www.queenalice.com/game.php?id=886527"]
[Date "2011.1.15"]
[Round "1"]
[White "mzambiasi"]
[Black "Alffamed"]
[Result "0-1"]
[WhiteElo "1514"]
[BlackElo "1705"]

1. e4 c5 2. Qe2 a6 3. b3 d6 4. Bb2 e5 5. Nc3 Nf6 6. O-O-O b5 7. Nd5 Nxd5 8. exd5
Be7 9. g4 Bg5 10. Nh3 O-O 11. Qe4 f5 12. gxf5 Bb7 13. Rg1 h6 14. f4 Bf6 15. fxe5
dxe5 16. Bxe5 Bxd5 0-1

[Event "AUTO-OPEN-2235"]
[Site "http://www.queenalice.com/game.php?id=888626"]
[Date "2011.1.20"]
[Round "1"]
[White "mz11"]
[Black "mzambiasi"]
[Result "1-0"]
[WhiteElo "1469"]
[BlackElo "1498"]

1. e4 g6 2. d4 Bg7 3. Nc3 Nf6 4. e5 Nh5 5. Bc4 O-O 6. Nf3 e6 7. Bg5 f6 8. Be3
fxe5 9. dxe5 Nc6 10. Bg5 Qe8 11. O-O 1-0

[Event "AUTO-OPEN-2235"]
[Site "http://www.queenalice.com/game.php?id=888627"]
[Date "2011.1.20"]
[Round "1"]
[White "mzambiasi"]
[Black "mz11"]
[Result "0-1"]
[WhiteElo "1481"]
[BlackElo "1486"]

1. e4 e5 2. Qe2 Nc6 3. Nh3 d6 4. d3 h6 5. g3 Be6 6. g4 Nf6 7. f3 Nd4 8. Qd1 Qd7
9. c3 Nb5 10. c4 Nd4 0-1

[Event "AUTO-OPEN-2235"]
[Site "http://www.queenalice.com/game.php?id=888646"]
[Date "2011.1.20"]
[Round "1"]
[White "ijro"]
[Black "mzambiasi"]
[Result "1-0"]
[WhiteElo "1088"]
[BlackElo "1404"]

1. Nf3 h5 2. e3 d5 3. Ne5 Qd6 4. Nxf7 Kxf7 5. Qf3+ Nf6 6. Bd3 Bg4 7. Qg3 e5 8.
h3 h4 9. Qxg4 Nxg4 10. hxg4 e4 11. g3 h3 12. Kf1 1-0

[Event "AUTO-OPEN-2235"]
[Site "http://www.queenalice.com/game.php?id=888647"]
[Date "2011.1.20"]
[Round "1"]
[White "mzambiasi"]
[Black "ijro"]
[Result "0-1"]
[WhiteElo "1434"]
[BlackElo "1058"]

1. g3 g5 2. Bg2 Bg7 3. Nf3 Be5 4. Nxe5 d6 5. Nf3 g4 6. Nh4 Qd7 7. h3 gxh3 8.
Bxh3 Qd8 9. d4 c5 10. c3 e5 11. d5 Na6 0-1